| 000 | 00358nam a2200145Ia 4500 | ||
|---|---|---|---|
| 008 | 150201s2001 xx 000 0 und d | ||
| 082 |
_a617.6 _bE2001A |
||
| 100 | _aASCHHEINM & DALE | ||
| 245 | _aESTHETIC DENTISTRY | ||
| 250 | _a2ND | ||
| 260 |
_bMOSBY _aDELHI _c2001 |
||
| 300 | _a1-606 | ||
| 650 | _aCONSERVATIVE DENTISTRY & ENDODONTICS | ||
| 942 |
_2ddc _cBK |
||
| 999 |
_c3567 _d3567 |
||